000 00523nam a22002057a 4500
003 OSt
005 20140310182924.0
008 130130t xxu||||| |||| 00| 0 eng d
020 _a9789712723360
050 _aDS653
_b.Oc15 2010
082 _aFIL 899.2104
_bO1 2010
245 _aLooking back
_cOcampo, Ambeth R.
260 _aPasig City
_bAnvil Pub.
_cc2010
300 _a92 p.
_c18 cm.
_bill.
521 _acollege students
526 _c1210L-1700L
541 _j1
562 _e1
942 _2lcc
_cBK
_kFIL
999 _c17395
_d17395